000 00303nam a22001337a 4500
020 _a8185015813
040 _cNUST
082 _a512.5
_bHAD
100 _aHadley, G.
_939120
245 _aLinear Algebra
260 _aNew Delhi:
_bNarosa,
_c1997.
650 _aLinear Algebra
_957395
942 _2ddc
_cBK
999 _c611436
_d611436